000 00296nam a22001217a 4500
003 OSt
008 241219b |||||||| |||| 00| 0 eng d
041 _aeng
082 _a624.18341 RAO/CA
100 _aRao, KL
_96517
245 _aCalculation Design and Testing of Reinforced Concrete
942 _cBK
999 _c18695
_d18695